| 000 | 00492nam a22001577a 4500 | ||
|---|---|---|---|
| 008 | 240411b |||||||| |||| 00| 0 eng d | ||
| 020 | _a978-0-558-51641-3 | ||
| 050 | _aHD 30.23 .Q36 2009 | ||
| 245 | _aQUANTITATIVE METHODS FOR BUSINESS DECISIONS | ||
| 250 | _a2ND.ED. | ||
| 260 |
_aNEW YORK _bLEARNING SOLUTIONS _c2009 |
||
| 300 | _aXIV,917P. | ||
| 500 | _aINCLUDES INDEX | ||
| 650 | _aDecision making--Mathematical models. Operations research. Statistical decision. | ||
| 942 |
_2lcc _cBK |
||
| 999 |
_c209811 _d209811 |
||